| 000 | 01172cam a2200337 i 4500 | ||
|---|---|---|---|
| 001 | 19097015 | ||
| 003 | OSt | ||
| 005 | 20230608145348.0 | ||
| 008 | 160517s2016 ke b 001 0 eng | ||
| 010 | _a 2015333310 | ||
| 020 | _a9789966530233 | ||
| 040 |
_aDLC _beng _cDLC _erda _dDLC |
||
| 042 |
_alcode _apcc |
||
| 043 | _afe----- | ||
| 050 | _a348BAK | ||
| 082 |
_a348 _bBAK |
||
| 100 | 1 | _aBakibinga, D. J. | |
| 245 | 1 | 0 |
_aIntellectual property law in East Africa / _cDavid J. Bakibinga, LL.B., Ph.D., Professor of Commercial Law, Makerere University and Ronald Mayambala Kakungulu, LL.B, LL.B, Senior Lecturer, School of Law, Makerere University. |
| 260 | _a | ||
| 264 | 1 |
_aNairobi, Kenya : _bLawAfrica Publishing (K) Ltd., _c[2016] |
|
| 300 |
_axxxv, 260 pages ; _c21 cm |
||
| 336 |
_atext _2rdacontent |
||
| 337 |
_aunmediated _2rdamedia |
||
| 338 |
_avolume _2rdacarrier |
||
| 504 | _aIncludes bibliographical references and index. | ||
| 650 | 0 |
_aIntellectual property _zAfrica, East. |
|
| 700 | 1 | _aKakungulu-Mayambala, R. | |
| 906 |
_a7 _bcbc _corigode _d2 _encip _f20 _gy-gencatlg |
||
| 942 |
_2ddc _cBK |
||
| 999 |
_c15 _d15 |
||